1, 2, 3 oder 4? Thema Geografie - Statistiken

Allgemein
  • Dieses Quiz wurde 801 mal gespielt
    88 seit der letzten Aktualisierung
  • Das Durchschnittsergebnis liegt bei 12 aus 16
Antwortstatistiken
Hint Explanation Antwort % Korrekt
Kontinente ohne Länder Antarktika ​​aKugel-1.png
88%
Länder, die komplett von Italien umschlossen werden
Vatikan
San Marino
​​bKugel-2.png
88%
Landesteile des Vereinigten Königreichs
England
Schottland
Nordirland
Wales
​​dKugel-4.png
88%
Deutsche Bundesländer mit N
Niedersachsen
Nordrhein-Westfalen
​​bKugel-2.png
84%
Anrainerstaaten des Bodensees
Österreich
Schweiz
Deutschland
​​cKugel-3.png
84%
Südamerikanische Länder ohne Küste
Bolivien
Paraguay
​​bKugel-2.png
83%
Hauptstädte Südafrikas
Pretoria
Kapstadt
Bloemfontein
​​cKugel-3.png
83%
Afrikanische Staaten, die das Wort Guinea enthalten
Guinea
Guinea-Bissau
Äquatorialguinea
​​cKugel-3.png
81%
Millionenstädte in Österreich Wien ​​aKugel-1.png
79%
Hauptstädte mit Q Quito ​​aKugel-1.png
76%
US-Bundesstaaten, die mit South beginnen
South Dakota
South Carolina
​​bKugel-2.png
74%
Millionenstädte in Deutschland
Berlin
Hamburg
München
Köln
​​dKugel-4.png
72%
Schweizer Kantone mit J Jura ​​aKugel-1.png
64%
Länder mit mehrheitlich deutschsprachiger Bevölkerung
Deutschland
Schweiz
Liechtenstein
Österreich
​​dKugel-4.png
55%
Staaten auf der Insel Borneo
Malaysia
Brunei
Indonesien
​​cKugel-3.png
53%
Hauptinseln Japans
Honshu
Hokkaido
Shikoku
Kyushu
​​dKugel-4.png
36%
Keine übereinstimmenden Quizze gefunden
Verteilung der Resultate
Anzahl Personen mit jedem Resultat
Perzentil nach korrekt beantworteten Fragen
Ihre Resultats-Entwicklung
Sie haben dieses Quiz seit der letzten Aktualisierung nicht gespielt